[Event "Ruhrgebiet Regionalliga 1819"]
[Site "Nordrheinwestfalen"]
[Date "2019.03.03"]
[Round "8.8"]
[White "Pilat, Fabian"]
[Black "Kuerschners, Stefan"]
[Result "0-1"]
[WhiteElo "1928"]
[BlackElo "1962"]
[PlyCount "72"]
[EventDate "2018.09.02"]
[EventType "team-tourn"]
[EventRounds "11"]
[EventCountry "GER"]
[SourceTitle "EXT 2022"]
[Source "ChessBase"]
[SourceDate "2021.10.06"]
[SourceVersion "1"]
[SourceVersionDate "2021.10.06"]
[SourceQuality "1"]
[WhiteTeam "Bochum SG II"]
[BlackTeam "Oberhausen SV II"]
[WhiteTeamCountry "GER"]
[BlackTeamCountry "GER"]

1. d4 d5 2. Nf3 Nf6 3. e3 c6 4. Bd3 Bg4 5. Nbd2 Nbd7 6. c4 e6 7. Qc2 Bd6 8. b3 Qe7 9. 0-0 Bh5 10. Bb2 Bg6 11. Ne5 Bxe5 12. dxe5 Ng4 13. Nf3 0-0-0 14. h3 Bxd3 15. Qxd3 h5 16. cxd5 exd5 17. Qd4 c5 18. Rac1 Nh6 19. b4 g5 20. bxc5 g4 21. c6 Nb6 22. Nh2 gxh3 23. Qc3 Rhg8 24. g3 Nc4 25. cxb7+ Qxb7 26. Qd4 Ng4 27. e4 Kb8 28. exd5 Ngxe5 29. Qf4 Qxd5 30. Bxe5+ Nxe5 31. f3 Qd4+ 32. Kh1 Qxf4 33. gxf4 Nd3 34. Rc4 Rg2 35. Rb1+ Ka8 36. a4 Nf2# 0-1

[Event "Ruhrgebiet Verbandsliga Gruppe 2 1718"]
[Site "Germany"]
[Date "2018.02.25"]
[Round "7.7"]
[White "Prasser, Peter"]
[Black "Pilat, Fabian"]
[Result "0-1"]
[WhiteElo "1678"]
[BlackElo "1951"]
[PlyCount "82"]
[EventDate "2017.09.17"]
[EventType "team-tourn"]
[EventRounds "9"]
[EventCountry "GER"]
[SourceTitle "EXT 2022"]
[Source "ChessBase"]
[SourceDate "2021.10.06"]
[SourceVersion "1"]
[SourceVersionDate "2021.10.06"]
[SourceQuality "1"]
[WhiteTeam "Altenessen"]
[BlackTeam "Bochum SG III"]
[WhiteTeamCountry "GER"]
[BlackTeamCountry "GER"]

1. e4 c5 2. Nc3 e6 3. f4 d5 4. Bb5+ Nc6 5. Bxc6+ bxc6 6. e5 Ba6 7. Nf3 Ne7 8. d3 Nf5 9. 0-0 c4 10. d4 Rb8 11. g4 Nh4 12. Qe2 Nxf3+ 13. Qxf3 Qd7 14. Rb1 Be7 15. f5 Rc8 16. Ne2 Bd8 17. fxe6 Qxe6 18. Nf4 Qe7 19. Nh5 0-0 20. Bh6 gxh6 21. Nf6+ Kg7 22. Qf5 Rh8 23. g5 Qe6 24. gxh6+ Kf8 25. Nxh7+ Ke8 26. Nf6+ Bxf6 27. Qxf6 Rxh6 28. Qxe6+ fxe6 29. c3 Ke7 30. Rf2 Rg8+ 31. Kh1 Bc8 32. Rbf1 Rh7 33. Rg1 Rhg7 34. Rxg7+ Rxg7 35. h3 Bd7 36. Kh2 Be8 37. a3 Bg6 38. Rg2 Kf7 39. Rg5 Bf5 40. Rxg7+ Kxg7 41. Kg3 Kg6 0-1

[Event "Ruhrgebiet Verbandsliga Gruppe 1 1516"]
[Site "Germany"]
[Date "2015.09.27"]
[Round "2.7"]
[White "Hampe, Lars"]
[Black "Pilat, Fabian"]
[Result "1/2-1/2"]
[WhiteElo "1855"]
[BlackElo "1952"]
[PlyCount "51"]
[EventDate "2015.09.06"]
[EventType "team-tourn"]
[EventRounds "9"]
[EventCountry "GER"]
[SourceTitle "EXT 2022"]
[Source "ChessBase"]
[SourceDate "2021.10.06"]
[SourceVersion "1"]
[SourceVersionDate "2021.10.06"]
[SourceQuality "1"]
[WhiteTeam "Hoentrop SG"]
[BlackTeam "Bochum SG III"]
[WhiteTeamCountry "GER"]
[BlackTeamCountry "GER"]

1. d4 d5 2. Nf3 Nf6 3. e3 e6 4. Bd3 Bd6 5. 0-0 Nbd7 6. b3 e5 7. dxe5 Nxe5 8. Bb2 Qe7 9. Be2 c6 10. Nbd2 Nxf3+ 11. Bxf3 Bf5 12. c4 dxc4 13. e4 0-0-0 14. exf5 Bb4 15. bxc4 Rxd2 16. Qb3 Bc5 17. Bc3 Rdd8 18. Rfe1 Qc7 19. Qb2 Rhg8 20. Rab1 Nd7 21. Bxg7 Qb6 22. Qxb6 Nxb6 23. Bh6 Rd6 24. Bf4 Rd4 25. Bg3 Rxc4 26. Rbc1 1/2-1/2

[Event "GER-chT U20"]
[Site "Naumburg Saale"]
[Date "2014.12.30"]
[Round "7.6"]
[White "Pilat, Fabian"]
[Black "Schumann, Steffen"]
[Result "0-1"]
[WhiteElo "1946"]
[BlackElo "1821"]
[PlyCount "54"]
[EventDate "2014.12.27"]
[EventType "team-swiss"]
[EventRounds "7"]
[EventCountry "GER"]
[SourceTitle "EXT 2016"]
[Source "ChessBase"]
[SourceDate "2015.10.08"]
[SourceVersion "1"]
[SourceVersionDate "2015.10.08"]
[SourceQuality "1"]
[WhiteTeam "Bochum"]
[BlackTeam "Wildeshausen"]
[WhiteTeamCountry "GER"]
[BlackTeamCountry "GER"]

1. d4 Nf6 2. Nf3 g6 3. Nbd2 Bg7 4. e4 d6 5. Bc4 0-0 6. 0-0 c6 7. c3 Nbd7 8. Qc2 e5 9. dxe5 dxe5 10. b4 Qe7 11. a4 h6 12. a5 Nh5 13. Rd1 Ndf6 14. Nh4 Kh7 15. g3 Be6 16. Bxe6 Qxe6 17. Nf1 Rfd8 18. Be3 Qh3 19. Ng2 Qg4 20. Nd2 Qh3 21. Bc5 Rxd2 22. Qxd2 Ng4 23. Ne3 Rd8 24. Qc2 Qxh2+ 25. Kf1 Nxg3+ 26. fxg3 Rxd1+ 27. Rxd1 Nxe3+ 0-1

[Event "Ruhrgebiet Verbandsliga2 1213"]
[Site "Nordrheinwestfalen"]
[Date "2013.02.03"]
[Round "6.6"]
[White "Saphir, Peter"]
[Black "Pilat, Fabian"]
[Result "1-0"]
[WhiteElo "1793"]
[BlackElo "1900"]
[PlyCount "65"]
[EventDate "2012.09.02"]
[EventType "team-tourn"]
[EventRounds "9"]
[EventCountry "GER"]
[SourceTitle "EXT 2020"]
[Source "ChessBase"]
[SourceDate "2019.10.17"]
[SourceVersion "1"]
[SourceVersionDate "2019.10.17"]
[SourceQuality "1"]
[WhiteTeam "Hoentrop SG"]
[BlackTeam "Bochum SG III"]
[WhiteTeamCountry "GER"]
[BlackTeamCountry "GER"]

1. d4 d5 2. c4 e6 3. Nf3 Nf6 4. Bg5 Be7 5. e3 0-0 6. Nc3 Nbd7 7. Bd3 dxc4 8. Bxc4 a6 9. 0-0 b5 10. Bd3 c5 11. Rc1 Bb7 12. Qe2 Nd5 13. Bxe7 Qxe7 14. Rfd1 cxd4 15. Nxd4 Ne5 16. Bxh7+ Kxh7 17. Qh5+ Kg8 18. Qxe5 Rac8 19. Nxd5 Bxd5 20. b3 Qa3 21. Rxc8 Rxc8 22. h4 Qxa2 23. Nf5 exf5 24. Qxd5 Qc2 25. h5 Qc5 26. Qb7 Qc2 27. Rd4 Rc7 28. Rd8+ Kh7 29. Qa8 g6 30. Rh8+ Kg7 31. h6+ Kf6 32. Qd8+ Re7 33. Re8 1-0

[Event "GER-chT U16"]
[Site "Naumburg"]
[Date "2012.12.30"]
[Round "7"]
[White "Pilat, Fabian"]
[Black "Yankelevich, Lev"]
[Result "1/2-1/2"]
[WhiteElo "1938"]
[BlackElo "2180"]
[PlyCount "153"]
[EventDate "2012.12.27"]
[EventType "team-swiss"]
[EventRounds "7"]
[EventCountry "GER"]
[SourceTitle "EXT 2014"]
[Source "ChessBase"]
[SourceDate "2013.11.20"]
[SourceVersion "1"]
[SourceVersionDate "2013.11.20"]
[SourceQuality "1"]
[WhiteTeam "Bochum SG"]
[BlackTeam "Trier"]
[WhiteTeamCountry "GER"]
[BlackTeamCountry "GER"]

1. d4 Nf6 2. Nf3 g6 3. Nbd2 d6 4. e4 Bg7 5. Bc4 0-0 6. 0-0 c6 7. c3 Nbd7 8. Re1 e5 9. dxe5 dxe5 10. Nb3 Qe7 11. Qc2 Nc5 12. Bg5 h6 13. Bh4 g5 14. Bg3 Nh5 15. Nxc5 Qxc5 16. Bb3 Bg4 17. Nd2 Nf4 18. Nf1 Rad8 19. Ne3 Bc8 20. Rad1 b5 21. Rxd8 Rxd8 22. Rd1 Qe7 23. Rxd8+ Qxd8 24. Qd1 Qxd1+ 25. Nxd1 Kf8 26. Kf1 a5 27. Bxf4 exf4 28. Ke2 a4 29. Bc2 Be6 30. a3 Ke7 31. f3 Kd6 32. Kd2 h5 33. h3 g4 34. hxg4 hxg4 35. Nf2 g3 36. Nd3 c5 37. Ne1 Bd7 38. Nd3 Bc6 39. Ke2 Bh6 40. Bb1 c4 41. Nb4 Bb7 42. Na2 Ke5 43. Nc1 Bf8 44. Kf1 Bc5 45. Ne2 Be3 46. Bc2 Kd6 47. Bb1 Kc5 48. Bc2 Ba6 49. Bb1 Kd6 50. Bc2 Ke5 51. Bb1 Bd2 52. Bc2 Bc8 53. Bb1 Bd7 54. Bc2 Be3 55. Bb1 Bf2 56. Bc2 Be3 57. Bb1 Kf6 58. Bc2 Kg5 59. Bb1 Kh4 60. Bc2 Bh3 61. Bb1 f6 62. Bc2 Bd7 63. Bb1 Be8 64. Bc2 Bc6 65. Bb1 Bd7 66. Bc2 Be8 67. Bd1 Kg5 68. Ke1 Kh5 69. Bc2 Kh4 70. Kf1 Bh5 71. Bb1 Bxf3 72. gxf3 Kh3 73. e5 fxe5 74. Be4 g2+ 75. Ke1 Bc1 76. Bc6 Bxb2 77. Kd2 1/2-1/2

[Event "GER-chT U16"]
[Site "Naumburg"]
[Date "2012.12.28"]
[Round "4"]
[White "Richter, Leonard"]
[Black "Pilat, Fabian"]
[Result "1/2-1/2"]
[WhiteElo "2010"]
[BlackElo "1938"]
[PlyCount "38"]
[EventDate "2012.12.27"]
[EventType "team-swiss"]
[EventRounds "7"]
[EventCountry "GER"]
[SourceTitle "EXT 2014"]
[Source "ChessBase"]
[SourceDate "2013.11.20"]
[SourceVersion "1"]
[SourceVersionDate "2013.11.20"]
[SourceQuality "1"]
[WhiteTeam "Leipzig BSG"]
[BlackTeam "Bochum SG"]
[WhiteTeamCountry "GER"]
[BlackTeamCountry "GER"]

1. e4 c5 2. Nf3 e6 3. d3 d5 4. Nbd2 Nc6 5. g3 Nf6 6. Bg2 Qc7 7. 0-0 Be7 8. Re1 0-0 9. Nf1 h6 10. Bf4 e5 11. exd5 exf4 12. dxc6 bxc6 13. Ne5 Bb7 14. gxf4 Bd6 15. Nd2 Nd5 16. Qg4 Nb4 17. Qd1 Nd5 18. Qg4 Nb4 19. Qd1 Nd5 1/2-1/2

[Event "GER-chT U16"]
[Site "Naumburg"]
[Date "2012.12.27"]
[Round "2"]
[White "Hobusch, Jan"]
[Black "Pilat, Fabian"]
[Result "1-0"]
[WhiteElo "2064"]
[BlackElo "1938"]
[PlyCount "89"]
[EventDate "2012.12.27"]
[EventType "team-swiss"]
[EventRounds "7"]
[EventCountry "GER"]
[SourceTitle "EXT 2014"]
[Source "ChessBase"]
[SourceDate "2013.11.20"]
[SourceVersion "1"]
[SourceVersionDate "2013.11.20"]
[SourceQuality "1"]
[WhiteTeam "Solingen"]
[BlackTeam "Bochum SG"]
[WhiteTeamCountry "GER"]
[BlackTeamCountry "GER"]

1. e4 e6 2. Nc3 d5 3. Nf3 Nc6 4. Bb5 Nf6 5. Qe2 Be7 6. Ne5 Bd7 7. Nxd7 Qxd7 8. e5 Ng8 9. Qg4 g6 10. Ne2 Bc5 11. d4 Bb6 12. c3 0-0-0 13. b4 Kb8 14. Qg5 h6 15. Qd2 f6 16. exf6 Nxf6 17. a4 a6 18. Bd3 a5 19. Bb5 Rhf8 20. 0-0 g5 21. Ba3 Rg8 22. bxa5 Bxa5 23. Rac1 Ne4 24. Qb2 h5 25. Bb4 Bxb4 26. cxb4 h4 27. Bxc6 bxc6 28. b5 cxb5 29. axb5 Kb7 30. Rc6 Nd6 31. Nc3 Nc4 32. Qb4 Nb6 33. Na4 Nxa4 34. Qxa4 Ra8 35. Qc2 g4 36. Rc1 Rac8 37. Qc5 g3 38. Ra1 Ra8 39. Rc1 gxf2+ 40. Kf1 Rgc8 41. b6 Ra6 42. Rxc7+ Rxc7 43. bxc7 Qc8 44. Rb1+ Ka8 45. Rb8+ 1-0

[Event "Ruhrgebiet Regionalliga 1112"]
[Site "Nordrheinwestfalen"]
[Date "2011.10.23"]
[Round "2.7"]
[White "Pilat, Fabian"]
[Black "Schneider, Axel"]
[Result "0-1"]
[WhiteElo "1946"]
[BlackElo "2086"]
[PlyCount "86"]
[EventDate "2011.09.25"]
[EventType "team-tourn"]
[EventRounds "9"]
[EventCountry "GER"]
[SourceTitle "EXT 2020"]
[Source "ChessBase"]
[SourceDate "2019.10.17"]
[SourceVersion "1"]
[SourceVersionDate "2019.10.17"]
[SourceQuality "1"]
[WhiteTeam "Bochum SG III"]
[BlackTeam "Horst Emscher"]
[WhiteTeamCountry "GER"]
[BlackTeamCountry "GER"]

1. d4 Nf6 2. Nf3 g6 3. g3 Bg7 4. Bg2 0-0 5. b3 c5 6. Bb2 cxd4 7. Bxd4 Nc6 8. Bb2 d5 9. 0-0 Bf5 10. Nbd2 Qd7 11. Re1 Rfe8 12. Ne5 Nxe5 13. Bxe5 Bh3 14. Bh1 Qf5 15. Nf3 Rac8 16. c3 Bh6 17. Bxf6 exf6 18. Nh4 Qe5 19. Qxd5 Qxc3 20. Bf3 Rc7 21. Rad1 Qc2 22. a3 Be6 23. Qb5 Rec8 24. Rb1 g5 25. Ng2 g4 26. Bxb7 Rb8 27. Be4 Rxb5 28. Bxc2 Rxc2 29. b4 a5 30. Nf4 Bxf4 31. gxf4 axb4 32. axb4 f5 33. e3 Rc4 34. Red1 Rcxb4 35. Rxb4 Rxb4 36. Rd8+ Kg7 37. Rd1 Rb5 38. Kg2 Bd5+ 39. Kf1 Bf3 40. Rc1 Rd5 41. Ke1 Kg6 42. Kf1 Kh5 43. Kg1 Kh4 0-1